La escuelita : relatos testimoniales /

Guardado en:
Autor Principal: Partnoy, Alicia, 1955-
Otros Autores: Partnoy, Raquel, ilus.
Formato: Libro
Idioma:English
Publicado: Buenos Aires : La Bohemia, 2006.
Series:Caribe / Sur ; 7
Materias:
Etiquetas: Agregar Etiqueta
Sin Etiquetas, Sea el primero en etiquetar este registro!
LEADER 00805nam a22002655a 4500
001 EHU.bham040367
008 851112s1986####paua##########000#0#eng#d
005 20240503071128.0
245 1 0 |a La escuelita :  |b relatos testimoniales /  |c Alicia Partnoy. 
260 |a Buenos Aires :  |b La Bohemia,  |c 2006. 
300 |a 128 p. 
490 0 |a Caribe / Sur ; 7 
020 |a 9871019319 
100 1 |a Partnoy, Alicia, 1955- 
700 1 |a Partnoy, Raquel, ilus. 
082 A 8 |a A863.5 P258 
653 |a Dictadura argentina 
653 |a Bahía Blanca-campos de concentración 
653 |a Testimonios 
653 |a Literatura argentina 
653 |a Historia argentina-1976-1983 
653 |a Colección llull 
010 |a 85073522 
859 |a AR-BHAM  |b BIB. HUMANIDADES - General  |h A863.5  |i P258  |k A  |p 373.09  |t Ej.1